Central Library OPAC University of Rajshahi

Elementary psychology / (Record no. 28917)

MARC details
000 -LEADER
fixed length control field 00627nam a22002292a 4500
001 - CONTROL NUMBER
control field 28917
003 - CONTROL NUMBER IDENTIFIER
rucl marc code BD-RJUL
005 - DATE AND TIME OF LATEST TRANSACTION
control field 20211209051340.0
008 - FIXED-LENGTH DATA ELEMENTS--GENERAL INFORMATION
fixed length control field 140401s1967 nyua 000 0 eng d
035 ## - SYSTEM CONTROL NUMBER
System control number (BD-RJUL)29001
040 ## - CATALOGING SOURCE
Original cataloging agency DLC
Transcribing agency DLC
Modifying agency UKM
-- EQO
Language of cataloging eng
041 ## - LANGUAGE CODE
Language code of text/sound track or separate title eng
082 ## - DEWEY DECIMAL CLASSIFICATION NUMBER
Classification number 150
Author mark and year MOE 1967
100 1# - MAIN ENTRY--PERSONAL NAME
Personal name Mahsher Abidi, Syed Mohammad Mohsin,
Dates associated with a name 1910-
9 (RLIN) 88391
245 10 - TITLE STATEMENT
Title Elementary psychology /
Statement of responsibility, etc. S. M. Mohsin
260 ## - PUBLICATION, DISTRIBUTION, ETC. (IMPRINT)
Place of publication, distribution, etc. New York :
Name of publisher, distributor, etc. Asia Pub. House,
Date of publication, distribution, etc. 1967
300 ## - PHYSICAL DESCRIPTION
Pagination viii, 205 p. :
Illustrations ill. ;
Size 22 cm
650 #0 - SUBJECT ADDED ENTRY--TOPICAL TERM
Topical term or geographic name as entry element Psychology
9 (RLIN) 88392
942 ## - ADDED ENTRY ELEMENTS (KOHA)
Source of classification or shelving scheme Dewey Decimal Classification
Koha item type Books
Holdings
Lost status Source of classification or shelving scheme Damaged status Not for loan Collection code Permanent Location Current Location Shelving location Date acquired Total Checkouts Full call number Date last seen Copy number Koha item type Source of acquisition Cost, normal purchase price
  Dewey Decimal Classification     Non-fiction Central Library, University of Rajshahi Central Library, University of Rajshahi   01/04/2014   150 MOE 1967 01/04/2014 C-6 Books    
  Dewey Decimal Classification     Non-fiction Central Library, University of Rajshahi Central Library, University of Rajshahi   01/04/2014   150 MOE 1967 01/04/2014 C-7 Books    
  Dewey Decimal Classification     Non-fiction Central Library, University of Rajshahi Central Library, University of Rajshahi   01/04/2014   150 MOE 1967 01/04/2014 C-3 Books    
  Dewey Decimal Classification     Non-fiction Central Library, University of Rajshahi Central Library, University of Rajshahi General Stacks 04/08/1971   150 MOE 1967 25/09/2022 C-2 Books Zeitlinger 37.00